¿Habrá concertación nacional?

A ocho años de la firma de los acuerdos de paz en El Salvador, se está hablando de una necesidad de concertación para definir una agenda nacional sobre los temas cruciales de la vida del país. Se observan algunas acciones del Presidente Flores, la posición del partido de izquierda, especialmente del...

ver descrição completa

Na minha lista:
Detalhes bibliográficos
Formato: Texto
Assuntos:
Tags: Adicionar Tag
Sem tags, seja o primeiro a adicionar uma tag!

MARC

LEADER 00000 a a2200000 04500
001 6358
003
040
245 |a ¿Habrá concertación nacional?  
520 |a A ocho años de la firma de los acuerdos de paz en El Salvador, se está hablando de una necesidad de concertación para definir una agenda nacional sobre los temas cruciales de la vida del país. Se observan algunas acciones del Presidente Flores, la posición del partido de izquierda, especialmente del Alcalde de San Salvador, Hector Silva y la posición de otros sectores económicamente influyentes para el país y para el desarrollo de políticas económicas. /MSD  
650 |a CONCILIACION  
650 |a GOBIERNO  
650 |a PARTIDOS POLITICOS  
650 |a POLITICA ECONOMICA  
773 |g volumen 20, número 897; páginas 8-10  
999 |c 25775  |d 25775